Представление документа в формате RUSMARC

ПолеНазваниеЗначение
  Тип записи i
  Библиографический уровень m
001 Контрольный номер RU/IS/BASE/482512675
005 Дата корректировки 20201206204942.8
010 Индекс ISBN __
d Цена 379-69
100 Данные общей обработки __
a Данные общей обработки 19150416d2014||||||| 0rusy0189 ca
101 Язык документа 1_
a Язык текста rus
c Язык оригинала ger
102 Страна публикации __
a Страна публикации ru|
105 Кодированные данные (монография) __
a Кодированные данные (монография) an|||||||||zy
127 Кодированные данные (звукозаписи-физические характеристики) __
a Продолжительность проигрывания 01 ч 41 мин
200 Заглавие и сведения об ответственности 1_
a Заглавие 20 000 лье под водой
e Сведения, относящиеся к заглавию [спектакль по одноименному роману Ж. Верна : 12+]
f Первые сведения об ответственности Жюль Верн ; [действующие лица и исполнители: Топичев, Л. и др.]
b Общее обозначение материала Звукозапись
210 Выходные данные __
a Место издания Москва
c Издательство Агентство
d Дата издания 2014
215 Физическое описание __
a Объем 1 электрон. опт. диск (Audio CD)
c Иллюстрации/тип воспроизводства mp3, stereo
d Формат 12х14 см
225 Серия __
a Серия Audiobook
230 Специфическая характеристика материала: электронные ресурсы __
a Обозначение и объем ресурса Электронные звуковые данные
300 Общие примечания __
a Общие примечания Музыка из произведений французских композиторов
300 Общие примечания __
a Общие примечания Запись 1962 г.
323 Примечание о главных создателях, исполнителях, участниках __
a Примечание о главных создателях, исполнителях, участниках Топичев, Л. (профессор Аронакс)
323 Примечание о главных создателях, исполнителях, участниках __
a Примечание о главных создателях, исполнителях, участниках Пятигорский, Л.
323 Примечание о главных создателях, исполнителях, участниках __
a Примечание о главных создателях, исполнителях, участниках Вицин, Г. (Консель)
323 Примечание о главных создателях, исполнителях, участниках __
a Примечание о главных создателях, исполнителях, участниках Аверин, Ю. (Нед Ленд)
323 Примечание о главных создателях, исполнителях, участниках __
a Примечание о главных создателях, исполнителях, участниках Плятт, Р. (Капитан Немо)
323 Примечание о главных создателях, исполнителях, участниках __
a Примечание о главных создателях, исполнителях, участниках Лекарев, В. (докладчик)
323 Примечание о главных создателях, исполнителях, участниках __
a Примечание о главных создателях, исполнителях, участниках Штейншнейдер, Я. (председатель)
323 Примечание о главных создателях, исполнителях, участниках __
a Примечание о главных создателях, исполнителях, участниках Абрамов, М. (капитан Фаррагут)
323 Примечание о главных создателях, исполнителях, участниках __
a Примечание о главных создателях, исполнителях, участниках Александров, И. (биржевик)
323 Примечание о главных создателях, исполнителях, участниках __
a Примечание о главных создателях, исполнителях, участниках Кубацкий, А. (вахтенный)
323 Примечание о главных создателях, исполнителях, участниках __
a Примечание о главных создателях, исполнителях, участниках Кузина, Т. (газетчик)
323 Примечание о главных создателях, исполнителях, участниках __
a Примечание о главных создателях, исполнителях, участниках Хрусталев, Н. (газетчик)
330 Аннотация __
a Аннотация Во второй половине 19 века в морях и океанах на глаза мореплавателям стал попадаться необычный объект - светящийся веретенообразный предмет, превосходящий скоростью и размерами кита. Газеты, а за ними и ученые всего мира заинтересовались "морским чудовищем". Но судьба оказалась милостива только к профессору Аронаксу, который со слугой Конселем и гарпунером Недом Лендом волею случая (или автора, что по сути одно и то же), попадают на борт необыкновенной и единственной в мире подводной лодки. Капитан и экипаж лодки оказались совсем не чудовищами, и герои пережили немало опасных и удивительных приключений, совершив кругосветное путешествие в 20 тысяч лье под водой.
333 Примечание о целевом назначении __
a Примечание о целевом назначении 12+. Для детей старше 12 лет
337 Примечание о системных требованиях (электронные ресурсы) __
a Примечание о системных требованиях (электронные ресурсы) Системные требования: MS Windows ; Pentium 100 ; RAM 16 Mb; CD-ROM; SVGA 800x600; звуковая карта; аудиосистемы с поддержкой MP3
517 Другие варианты заглавия __
a Другие варианты заглавия Двадцать тысяч лье под водой
606 Тематические рубрики __
a Основная рубрика Музыка и зрелищные искусства
a Основная рубрика Художественное радиовещание
z Хронологическая подрубрика 19 в.
y Географическая подрубрика Германия
606 Тематические рубрики __
a Основная рубрика Художественная литература
606 Тематические рубрики __
a Основная рубрика Литература Европы (произведения)
y Географическая подрубрика Франция
610 Ключевые слова __
a Ключевые слова зарубежная литература
a Ключевые слова иностранная литература
a Ключевые слова Капитан Немо
a Ключевые слова классическая литература
a Ключевые слова Наутилус
a Ключевые слова приключенческая литература
a Ключевые слова приключенческие романы
a Ключевые слова радиопостановки
a Ключевые слова романы
a Ключевые слова тема моря
a Ключевые слова тема приключений
a Ключевые слова тема путешествий
a Ключевые слова фантастика
a Ключевые слова фантастические романы
a Ключевые слова французская литература
686 Индексы других классификаций __
2 Код системы rubbks
a Классификационный индекс ст85.38я0
686 Индексы других классификаций __
2 Код системы rubbks
a Классификационный индекс ст84(4Фра)-4я0
700 Автор _1
a Фамилия Верн
b Имя Ж.
f Даты 1828-1905
g Полное личное имя Жюль
4 Код отношения 070
801 Источник записи _0
a Страна ru
b Организация Муниципальное бюджетное учреждение культуры "Централизованная библиотечная система" г. Сургут (Центральная городская библиотека им. А. С. Пушкина)
c Дата составления 20150416
g Правила каталогизации КиК/Коробейникова
801 Источник записи _1
a Страна ru
b Организация Муниципальное бюджетное учреждение культуры "Централизованная библиотечная система" г. Сургут (Центральная городская библиотека им. А. С. Пушкина)
c Дата составления 20150416
g Правила каталогизации КиК/Коробейникова
852 Данные о местонахождении __
j Шифр хранения ст85.38я0
i Авторский знак В 35
901 Тип документа __
t Тип документа 0
903 Характеристики (МАРС) __
a Дата передачи 20150416
969 Тип издания __
a Тип издания аудиоспектакль; издание для слепых
990 Данные о заказе (DOS) __
j Количество экземпляров (DOS) 1
t N записи в КСУ для И/У (DOS) 201504